000 00345 a2200157 4500
001 185254
020 _a
040 _cMagnum
100 _aGuimarĂ£es, A. de
240 1 0 _aAlphonsus de Guimaraens: poesia
_lpor
245 1 0 _aAlphonsus de Guimaraens: poesia
300 _a122
362 0 _a1963
697 _aLITERATURA GERAL
942 _cBK
999 _c185254
_d185254